Normal view MARC view
  • Dr Noor Ul Amin

Entry Personal Name

Number of records used in: 1

001 - CONTROL NUMBER

  • control field: 50989

003 - CONTROL NUMBER IDENTIFIER

  • control field: NUST

005 - DATE AND TIME OF LATEST TRANSACTION

  • control field: 20210314134848.0

008 - FIXED-LENGTH DATA ELEMENTS

  • fixed length control field: 210314|| aca||aabn | a|a d

040 ## - CATALOGING SOURCE

  • Original cataloging agency: NUST
  • Transcribing agency: NUST

100 ## - HEADING--PERSONAL NAME

  • Personal name: Dr Noor Ul Amin

670 ## - SOURCE DATA FOUND

  • Source citation: Work cat.: (NUST): Capt M Mirza Asalm Syn#6 OD 33 50988, Soil investigation report and design of foundation for over head water tank
© 2023 Central Library, National University of Sciences and Technology. All Rights Reserved.